000
00492nam a2200181Ia 4500
008
090124s9999 xx 000 0 und d
082
_b
23144
100
_a
सखाराम शंकर
245
_a
घुगाट
250
_a
1
260
_b
परिमल प्रकाशन
_c
1985
300
_a
165
600
_a
सखाराम शंकर
630
_a
घुगाट
700
_a
सखाराम शंकर
730
_a
घुगाट
942
_c
BOOK
999
_c
92104
_d
92104